| 000 | 01086cam a22003137a 4500 | ||
|---|---|---|---|
| 003 | CHAP | ||
| 005 | 20220329140929.0 | ||
| 008 | 971013s1990 r 00010 d | ||
| 010 | _a59944 | ||
| 011 | _a60916 | ||
| 035 | _a65080 | ||
| 040 | _cCHAP | ||
| 082 | 0 | 4 |
_a500.18 _bP4 |
| 100 | 0 | 0 |
_aPérez Tamayo, Ruy. _990049 |
| 245 | 1 | 1 |
_a¿Existe el método científico? _b: historia y realidad |
| 260 |
_aMéxico, D. F. : _bFondo de Cultura Económica, _c1990 |
||
| 300 | _a230 p. | ||
| 490 | 0 | _aSección de obras de ciencia y tecnología | |
| 590 |
_aBATCH-UPD _b10 _c20130110 _lUCH01 _h1946 |
||
| 590 |
_aBATCH-UPD _b10 _c20130410 _lUCH01 _h1309 |
||
| 590 |
_aBATCH-UPD _b10 _c20130914 _lUCH01 _h0936 |
||
| 590 |
_aCONVERSION _b10 _c20130109 _lUCH01 _h1332 |
||
| 650 | 1 | 4 |
_aCiencia _xMetodología. _923129 |
| 830 | 0 |
_aSección de obras de ciencia y tecnología _9103501 |
|
| 901 | _aBK | ||
| 942 | _cLIBRO | ||
| 949 |
_a500.18 P4 _bBC _cLIBRO _d33724000083879 _eLIBRO _gI.c/e _h90404 _i65080 _si _t24.00 |
||
| 949 |
_a500.18 P4 _bBC _cLIBRO _d33724002317165 _eLIBRO _fc.2 _gDonaciØn _h116204 _i65080 _si |
||
| 999 |
_c59944 _d59944 |
||